| 000 | 00833nam a2200217Ia 4500 | ||
|---|---|---|---|
| 003 | GCL | ||
| 008 | 140319s9999 xx 000 0 ara d | ||
| 020 | _a6183505977 | ||
| 040 |
_aGCL / _cGCL |
||
| 082 | 0 | 4 |
_a519.5 _bز ا |
| 100 | 1 | _aزكريا احمد الشربينى | |
| 245 | 1 | 0 |
_aالاحصاء اللابارامترى مع استخدام SPSS فى العلوم النفسية والتربوية والاجتماعية / _cزكريا احمد الشربينى |
| 260 |
_aالقاهرة : _bمكتبة الانجلوالمصرية ، _c2001 |
||
| 300 |
_a411 ص ؛ _c24 سم |
||
| 650 | 0 | 4 | _aالاحصاء |
| 650 | 0 | 4 | _aالاحصاء التربوى |
| 650 | 0 | 4 | _aالطرق الاحصائية |
| 650 | 0 | 4 | _aالاحصاء الاجتماعى |
| 650 | 0 | 4 | _aالاحصاء اللابارامترى |
| 942 |
_2ddc _cBK |
||
| 999 |
_c6178 _d6178 |
||